LEADER 01065nam0-22003251i-450 001 990006279440403321 005 20231129110451.0 035 $a000627944 035 $aFED01000627944 035 $a(Aleph)000627944FED01 100 $a20000112d1966----km-y0itay50------ba 101 0 $afre 102 $aFR 105 $ay-------001yy 200 1 $aImperator$e(recherches sur l'emploi et la signification du titre d'imperator dans la Rome republicaine)$fRobert Combès 210 $aParis$cPresses Universitaires de France$d1966 215 $a492 p.$d24 cm 225 1 $aUniversité de Monpellier. Faculté des Lettres et Sciences Humaines. Publications$v26 676 $a340.54$v23$zita 700 1$aCombes,$bRobert$0183877 801 0$aIT$bUNINA$gRICA$2UNIMARC 901 $aBK 912 $a990006279440403321 952 $aFONDO PROFESSOR ANTONIO GUARINO XXI A 132$bG/1485$fFGBC 952 $aXXI A 679$b96813$fFGBC 952 $aDDR-XVII Cb 021$b1390 ddr$fDDR$m21-4779 959 $aFGBC 959 $aDDR 996 $aImperator$9284197 997 $aUNINA LEADER 02209nam 2200433 450 001 9910807771203321 005 20201125112909.0 010 $a1-62894-421-8 035 $a(CKB)4100000011371292 035 $a(MiAaPQ)EBC6271191 035 $a(EXLCZ)994100000011371292 100 $a20201125d2020 uy 0 101 0 $aeng 135 $aurcnu|||||||| 181 $ctxt$2rdacontent 182 $cc$2rdamedia 183 $acr$2rdacarrier 200 10$aBurma's path to democracy $ethe military, aung san suu kyi and the rohingya /$fTinTin Delphin 210 1$aNew York, United States of America :$cAlgora Publishing,$d2020. 215 $a1 online resource (256 pages) $cillustrations 311 $a1-62894-419-6 311 $a1-62894-420-X 320 $aIncludes bibliographical references. 327 $aRoyal kingdom to British colony to independence -- Military coup -- General Ne Win era 1962-88 -- Burmese way to socialism -- The Than Shwe era 1992-2011 -- Pro-democratic leaders -- The transition -- 2015 democratic government -- Frontier opportunities and threats -- Face of the stateless -- The exodus -- The civil war -- Burmese way to democracy. 330 $a"Burma is a country in transition: from monarchy to British colony, from independence to military dictatorships, and from the Generals to the Lady, Aung San Suu Kyi. This book traces one of the longest civil wars in history. It's about the Rohingya, one of the most persecuted people on earth. It's about pro-democracy uprisings, about sacrifice, and above all, the human resilience and capacity for hope. The book is based on true events and provides unique firsthand insights into key players in this enigmatic and troubled nation"--$cProvided by publisher. 606 $aRohingya (Burmese people) 607 $aBurma$xHistory$y1962-1988 607 $aBurma$xHistory$y1988- 608 $aPersonal narratives.$2lcgft 615 0$aRohingya (Burmese people) 676 $a959.105 700 $aDelphin$b TinTin$f1948-$01685416 801 0$bMiAaPQ 801 1$bMiAaPQ 801 2$bMiAaPQ 906 $aBOOK 912 $a9910807771203321 996 $aBurma's path to democracy$94057537 997 $aUNINA